000 00580nam a2200229Ia 4500
003 OSt
005 20220924151502.0
006 a|||||r|||| 00| 0
007 ta
008 220923b |||||||| |||| 00| 0 ara d
024 _a337921
037 _cTextual
040 _aARTS
_cARTS
_bara
041 _2ara
_aara
082 _aO28,1NRE,1, L8
100 _aIbraheem Rekan Au.
_9224340
245 0 _aAl-shotul mamzaqat
260 _c1978
650 _aARABIC POETRY
942 _hO28,1NRE,1, L8
_cTEXL
_2CC
999 _c466739
_d466739